000 01028nam a22002774aa4500
003 BOFEUTO
005 20260513113920.0
008 260504t2025 bo gr 000 f spa d
040 _6BOFEUTO
_aBOFEUTO
_cBOFEUTO
041 _aspa
044 _abo
082 _aTE6321
_bZ49m
100 _aZelada Calizaya, Leonardo
_eautor
245 _aModelo flywheel marketing para la sucursal central del gimanasio megatlon de la ciudad de Oruro. /
_cLeonardo Zelada Calizaya, Juan Pablo Herrera Lovera
260 _aOruro :
_bs/n,
_c2025
300 _a133 hojas ;
_btab, grp´áf. ;
_c28.5 cm.
500 _aIncluye bibliografía, anexos.
502 _aTesis Dirigida, (Licenciatura) -- Universidad Técnica de Oruro, Facultad de Ciencias Económicas, Financieras y Administrativas, Carrera Administración de Empresas, 2025.
650 _aMarketing
653 _aCompetitividad
653 _aSostenibilidad
653 _aCiclo
653 _aInstitución
700 _aHerrera Lovera, Juan Pablo
_etutor
942 _2ddc
_cTE
_n0
999 _c16176
_d16176